000 00608nam a2200229Ia 4500
003 OSt
005 20220918191933.0
006 a|||||r|||| 00| 0
007 ta
008 220917b |||||||| |||| 00| 0 eng d
024 _a66,004
037 _cTextual
040 _aARTS
_cARTS
_beng
041 _2eng
_aeng
082 _aR21x, J4 (ER)
100 _aMckeon Richard
_977748
245 0 _aThought action and passion
260 _aChicago
_bUniversity of Chicago Press
_c1954
650 _aPHILOSOPHY
942 _hR21x, J4 (ER)
_cTEXL
_2CC
999 _c192240
_d192240